| 000 | 00000nam##2200000za#4500 |
| 001 | 9.607749 |
| 003 | CaOODSP |
| 005 | 20210624213300 |
| 007 | cr ||||||||||| |
| 008 | 150406|2000||||xxc|||||o f|0| 0 fre|d |
| 040 | |aCaOODSP|bfre |
| 043 | |an-cn--- |
| 086 | 1 |aNH18-22/100-134F-PDF |
| 110 | 2 |aSociété canadienne d'hypothèques et de logement. |
| 245 | 10|aRénovation d'un immeuble d'appartements avec murs en maçonnerie massive / |h[ressource électronique] |
| 250 | |aRévision 2001, 2007 |
| 260 | |aOttawa - Ontario : |bSociété canadienne d'hypothèques et de logement |cc2000, 2001, 2007. |
| 300 | |a4p.|bfigure, tableau |
| 490 | 1 |aLe point en recherche et développement; série technique|v00-134 |
| 500 | |aFichier reproduit à partir de l'original imprimé. |
| 590 | |a14-16-Supp|b2014-09-25 |
| 775 | 08|tThe renovation of an apartment building with solid masonry walls |w(CaOODSP)9.580803 |
| 776 | 0#|tRénovation d'un immeuble d'appartements avec murs en maçonnerie massive |w(CaOODSP)9.625580 |
| 830 | #0|aLe point en recherche et développement; série technique ;|v00-134|w(CaOODSP)9.500900 |
| 856 | 40|ahttp://publications.gc.ca|qPDF|s274 Ko|uhttps://publications.gc.ca/collections/collection_2014/schl-cmhc/NH18-22-100-134-fra.pdf|y00-134 |